Id. Vetró József
Elmentve itt :
| Dokumentumtípus: | Cikk |
|---|---|
| Megjelent: |
1930-04-04
|
| Sorozat: | Délmagyarország
6 No. 76 |
| Kulcsszavak: | Vetró József, Gyászjelentés |
| Online Access: | http://dmarchiv.bibl.u-szeged.hu/38765 |
| LEADER | 00403nab a2200145 i 4500 | ||
|---|---|---|---|
| 001 | delm38765 | ||
| 005 | 20180927130103.0 | ||
| 008 | 180927s1930 hu o 0|| hun d | ||
| 040 | |a SZTE Délmagyarország Archívum |b hun | ||
| 041 | |a hun | ||
| 245 | 0 | 0 | |a Id. Vetró József |h [elektronikus dokumentum] |
| 260 | |c 1930-04-04 | ||
| 300 | |a 7 | ||
| 490 | 0 | |a Délmagyarország |v 6 No. 76 | |
| 695 | |a Vetró József, Gyászjelentés | ||